00372nam a2200121 a 450000100100000000500170001000800410002704000250006808200140009324500480010726000630015530000320021800003202720200930063352.0110712s19uu dr a 000 0 spa d aDO-SdBNPbspacBNPHU axxxbA63400aAntología viva de la poesía dominicana. a[Santo Domingo] :bPatronato del Teatro Nacional,c[s.f.]. a[20 p.] :bretrs. ;c22 cm.